Регионална библиотека "Любен Каравелов" - Русе

Към въпроса за развитието на монистическия възглед върху историята (Запис номер 136539)

MARC детайли
000 -Лидер
Контролно поле с фиксирана дължина nam a22 a 4500
003 - Код на организацията, давaща контролен номер
Контролно поле BLK
005 - Дата и час на последна редакция
Контролно поле 20210319112335.0
008 - Елементи от данни с фиксирана дължина
fixed length control field 180409b bul|||||r ||||||| ||bul||
010 ## - Наследен системен номер
LC control number KNG00142485000
040 ## - Източник на каталожния запис
Идентификатор на билиотеката - собственик на записа BLK
041 ## - Код за език
Код за езика на текст/звукозапис или на отделно заглавие Български
Код за езика КДБФ Български
080 ## - УДК
Текстов определител УДК Видове системи и направления
УДК код - определител по УДК 141
УДК - код + определител 141
100 1# - Редна дума - Автор
Автор Плеханов, Георги Валентинович
Авторска отговорност първи автор
R(LIN) 378316
139 ## - Редно поле
Редна дума Плеханов, Георги Валентинович
Авторски знак Пле - П 59
245 10 - Сведения за заглавието
Заглавие Към въпроса за развитието на монистическия възглед върху историята
Редно поле (дума) Георги Валентинович Плеханов; прев. от рус. Иван Георгиев.
257 ## - Страна на издаване
Страна на създаване/издаване Русия
260 ## - Област на издателските данни
Място на издаване, разпространение и проч. София
Име на издателя, разпространителя и проч. БРП (к.)
Година на издаване 1947
300 ## - Физическа характеристика
Страници 319 с.
Размери/Мащаб 21 см
380 ## - Жанр
Жанр Философия
500 ## - Общи забележки
Забележка На загл. с. авт. е означен Н. Белов. - 15 000 тир.
650 #4 - Допълнително описание по предмет – тема
Основно описание – тема или топоним Философия - системи, направления и школи
9 (RLIN) 251900
650 #4 - Допълнително описание по предмет – тема
Основно описание – тема или топоним Исторически материализъм
9 (RLIN) 286946
650 #4 - Допълнително описание по предмет – тема
Основно описание – тема или топоним Монизъм
9 (RLIN) 162694
653 ## - Ключова дума – ненормативна
Ключова дума исторически материализъм
653 ## - Ключова дума – ненормативна
Ключова дума монизъм
700 1# - Други автори (авторска отговорност)
Лично име Георгиев, Иван
Автороска отговорност (Описва отношението между автора и произведението) прев. от рус.
9 (RLIN) 364373
852 ## - Местоположение
Форматна сигнатура Цб 1.205.23621
856 4# - Електронен адрес и достъп
Електронен формат pdf - файл
856 4# - Електронен адрес и достъп
Електронен формат pdf - файл
999 ## - СИСТЕМНИ КОНТРОЛНИ НОМЕРА
Koha biblionumber 136539
Koha biblioitemnumber 136539
942 ## - АРТИКУЛИ
Вид на библиотечния материал Книги
Скрит в OPAC Не
Периодичен библиозапис Да
944 ## - СЪЗДАВАНЕ И РЕДАКЦИЯ на ЗАПИСА
Създаване/Редакция Създаване
Дата на регистрацията/редакция 26.04.2013
Статус, дата на статуса 26.04.2013 - от С1,Р / 26.04.2013
Служител, извършил регистрацията/редакцията Наталия_Медовщикова
944 ## - СЪЗДАВАНЕ И РЕДАКЦИЯ на ЗАПИСА
Създаване/Редакция Редакция
Дата на регистрацията/редакция 2021-03-19
Служител, извършил регистрацията/редакцията Кети
Наличности
Код за отписване Код за изгубен артикул Източник на класификационната схема Код за повреда Коз за рестрикции Код за отдаване Артикулен № Име на библиотеката - собственик Име на библиотеката, в която се намира в момента Статус (Текущо местоположение) Дата на вписване в системата Местоположение - отдел Цена в лева Инвентарен номер Систематично азбучна сигнатура Баркод Номер на екземпляра Цена в евро Служебна бележка Служебен тип на артикула
  Не е изгубен Universal Decimal Classification Не е повреден без рестрикции ползва се в читалня 223194 Регионална библиотека "Любен Каравелов" Русе Регионална библиотека "Любен Каравелов" Русе Хранилище 1947-01-01 Основен фонд - ползва се само за читалня 0.24 23621 Цб 1.205.23621 900000039220 1 0.12 N: стар фонд Дата: 01.01.1947 Дата инв: 09.04.2015 Бележки инв: О2015 Книги
Vip Innovations Ltd, Rousse, Bulgaria 2025